书目信息 |
| 题名: |
改版
|
|
| 作者: | 冯并 著 | |
| 分册: | ||
| 出版信息: | 北京 经济日报出版社 2003 |
|
| 页数: | 356页 | |
| 开本: | 23cm | |
| 丛书名: | ||
| 单 册: | ||
| 中图分类: | G216.3 | |
| 科图分类: | ||
| 主题词: | 新闻--研究 , 新闻学 , 新闻工作 | |
| 电子资源: | ||
| ISBN: | 7-80180-242-X | |
| 000 | 00881nam0 2200253 450 | |
| 001 | TS2006017263 | |
| 005 | 20070108161837.95 | |
| 010 | @a7-80180-242-X@dCNY30.00 | |
| 100 | @a20060829d2003 em y0chiy0110 ea | |
| 101 | 0 | @achi |
| 102 | @aCN@b110000 | |
| 105 | @aa z 000yy | |
| 200 | 1 | @a改版@AGai Ban@e一位报纸总编辑的手记@EYi Wei Bao Zhi Zong Bian Ji De Shou Ji@f冯并著@FFeng Bing Zhu |
| 210 | @a北京@c经济日报出版社@d2003 | |
| 215 | @a356页@c彩照@d23cm | |
| 330 | @a本书收入了经济日报社一位编辑的手记,这些手记对经济日报改版作了探讨,同时也透露了作者对于新闻学、传播学的精辟分析和独到见解。 | |
| 517 | 1 | @a一位报纸总编辑的手记@AYi Wei Bao Zhi Zong Bian Ji De Shou Ji |
| 606 | 0 | @a新闻@x研究 |
| 606 | 0 | @a新闻学 |
| 606 | 0 | @a新闻工作 |
| 690 | @aG216.3@v4 | |
| 701 | 0 | @a冯并@AFeng Bing@f(1945~)@4著 |
| 801 | 0 | @aCN@b中图数据@c20070108 |
| 905 | @a10447@dG216.3@e203 | |
| 改版:一位报纸总编辑的手记/冯并著.-北京:经济日报出版社,2003 |
| 356页:彩照;23cm |
| ISBN 7-80180-242-X:CNY30.00 |
| 本书收入了经济日报社一位编辑的手记,这些手记对经济日报改版作了探讨,同时也透露了作者对于新闻学、传播学的精辟分析和独到见解。 |
| ● |
| 相关链接 |
|
|
|
|
正题名:改版
索取号:G216.3/203
 
预约/预借
| 序号 | 登录号 | 条形码 | 馆藏地/架位号 | 状态 | 备注 |
| 1 | 0608936 | 206089365 | 第一样本阅览室/ [索取号:G216.3/203] | 在馆 | |
| 2 | 0608937 | 206089374 | 第四借阅区/ [索取号:G216.3/203] | 在馆 | |
| 3 | 0608938 | 206089383 | 第四借阅区/ [索取号:G216.3/203] | 在馆 | |
| 4 | 0608939 | 206089392 | 第四借阅区/ [索取号:G216.3/203] | 在馆 | |
| 5 | 0608940 | 206089409 | 第四借阅区/ [索取号:G216.3/203] | 在馆 | |
| 6 | 0608941 | 206089418 | 第四借阅区/ [索取号:G216.3/203] | 在馆 |